Statistics for The Hogwarts School Song

Click here to take the quiz!

General Stats

  • This quiz has been taken 32 times
  • The average score is 40 of 70

Answer Stats

Lyrics% Correct
Hogwarts,
100%
Hogwarts,
100%
Hogwarts,
100%
So
95%
Hoggy
91%
some
86%
teach
86%
Teach
86%
us
86%
us
86%
please,
82%
be
77%
something
77%
Warty
77%
we
77%
and
64%
and
64%
And
64%
and
64%
With
64%
with
64%
with
64%
do
59%
do
59%
do
59%
heads
59%
old
59%
Or
59%
Our
59%
our
59%
the
59%
young
59%
bald,
55%
could
55%
filling,
55%
flies
55%
knees,
55%
of
55%
of
55%
stuff,
55%
Whether
55%
bits
50%
fluff,
50%
full
50%
interesting
50%
learn
50%
scabby
50%
air,
45%
all
45%
brains
45%
For
45%
bare
41%
Dead
41%
now
41%
rot.
41%
they're
41%
until
41%
what
41%
things
36%
we'll
36%
your
36%
back
32%
best,
32%
Bring
32%
forgot,
32%
Just
32%
knowing,
32%
rest,
32%
worth
32%
we've
27%

Score Distribution

Percentile by Number Answered

Percent of People with Each Score

Your Score History

You have not taken this quiz